| 000 | 00529nam a2200145Ia 4500 | ||
|---|---|---|---|
| 008 | 151213s9999 xx 000 0 und d | ||
| 100 | _aআবু রায়হান ওমার। | ||
| 245 |
_aকাঁদবার শব্দ। _cআবু রায়হান ওমার। |
||
| 260 |
_aঢাকা _bশিল্পতরু প্রকাশনী। _c1988 |
||
| 300 | _a8506 p. | ||
| 650 | _aBangla | ||
| 650 | _aBengali Literature | ||
| 700 | _aআবু রায়হান ওমার। | ||
| 999 |
_c4343 _d4343 |
||